| 000 | 00378nam a22001457a 4500 | ||
|---|---|---|---|
| 082 | _aP-151 | ||
| 100 |
_aCapt Zafar syn no 3 _948023 |
||
| 245 |
_aDesign of Dubble Story Apartment Block _cCapt Zafar, Capt Afzal |
||
| 260 |
_aRisalpur _bMCE _c19 April 2000 |
||
| 300 | _aP-92 | ||
| 526 |
_a0 _b0 _c0 _dP_151 |
||
| 650 | _aProject | ||
| 700 |
_aZulfiqar _948024 |
||
| 942 |
_2ddc _cBK |
||
| 999 |
_c551072 _d551072 |
||